| 000 | 00928nam a2200265 i 4500 | ||
|---|---|---|---|
| 001 | 83525 | ||
| 003 | ES-MaACL | ||
| 005 | 20250915063036.0 | ||
| 007 | t| | ||
| 008 | 041117s1970 sp ||||1| spa d | ||
| 040 | _cES-MaACL | ||
| 245 | 0 | 0 |
_aIntroducción a la historia de España / _cAntonio Ubieto... [et al.]. |
| 250 | _aSéptima edición revisada | ||
| 260 |
_aBarcelona : _bTeide, _c1970. |
||
| 300 |
_aXV, 1062 páginas : _bilustrado blanco y negro ; _c22 cm. |
||
| 651 | 4 |
_98209 _aEspaña- _xHistoria |
|
| 700 | 1 |
_aUbieto Arteta, Antonio _9111843 _eaut |
|
| 700 | 1 |
_aReglá, Juan, _995897 _d1917-1973 _eaut |
|
| 700 | 1 |
_aJover Zamora, José María, _967068 _d1920-2006 _eaut |
|
| 700 | 1 |
_aSeco Serrano, Carlos, _9105054 _d1923-2020 _eaut |
|
| 852 |
_aES-MaACL _jC-38258 _bR.72755 _986603 _cDEPO2 |
||
| 942 |
_cMONOGRAFIA _n0 |
||
| 999 |
_c83525 _d83525 |
||